LEADER 00677nam a2200193 i 4500 001 000000185972 003 CaOOAMICUS 005 20100218000000.0 008 100218n it u000 u ita u 013 $a164009 040 $aSeMil$bita 245 10$aVolume primo. 300 $aXXXVI, 483 p. 700 1 $aBoccardo, Luigi.$0(OLS)http://semarc/name/10250 773 0 $aBoccardo, Luigi$tConfessione e direzione.$dTorino : Istituto per Cieche, 1928-1931.$gParte2$w()22947 773 0 $tPadre spirituale.$w()22948 850 $aSeMil 852 $aSeMil$W1$xVenegono$y1$m3F III 176$j136659$B136659$CSeMilBibl$Z2$F148216 $81 996 $6245$aVolume primo$9(OLS)http://semarc/title/17661 LEADER 01237nam a2200265 i 4500 001 000000055655 003 CaOOAMICUS 005 20181102093515.0 008 100225s1981 it u000 u ita u 013 $a26827 040 $aSeMil$bita 100 1 $aGuzzetti, Giovanni Battista,$c.$0(OLS)http://semarc/name/249 245 13$aLa preparazione dei giovani al matrimonio /$cG.B. Guzzetti Responsabile dell'ufficio diocesano per la famiglia. 260 $aMilano :$bCentro Ambrosiano di Documentazione e Studi Religiosi,$c1981. 300 $a54 p. ;$c21 cm. 490 0 $aI cristiani per la famiglia [Uff. diocesano per la famiglia] 500 $aContiene : Appendice. 650 4$aMatrimonio (Sacramento) - Corsi di preparazione.$0(OLS)http://semarc/subject/11327 830 2$aI cristiani per la famiglia.$0(OLS)http://semarc/title/419662 850 $aSeMil 852 $aSeMil$W1$xVenegono$y1$m3F V 501$j21809$B21809$CSeMilBibl$Z2$F21811 $81 961 $aOmaggio: Deposito 996 $6245$aLa preparazione dei giovani al matrimonio$9(OLS)http://semarc/title/86361 996 $6260$aMilano :$bCentro Ambrosiano di Documentazione e Studi Religiosi$9(OLS)http://semarc/publisher/30378